painting names 1 - Statistics

General Stats
  • This quiz has been taken 50 times
  • The average score is 6 of 16
Answer Stats
Picture Answer % Correct
Mona Lisa
98%
Starry Night
98%
American Gothic
80%
Whistler's Mother
58%
Nighthawks
48%
The School of Athens
48%
Lady Godiva
43%
The Garden of Earthly Delights
38%
The Persistence of Memory
30%
Saturn Devouring His Son
25%
Primavera
23%
Nude Descending a Staircase
18%
Luncheon of the Boating Party
15%
The Japanese Footbridge
8%
The Storm on the Sea of Galilee
8%
Flaming June
5%
No matching quizzes found
Score Distribution
Percent of People with Each Score
Percentile by Number Answered
Your Score History
You have not taken this quiz